|
|
|
|
| LEADER |
01000caa a2200265 c 4500 |
| 001 |
527499005 |
| 003 |
DE-627 |
| 005 |
20220629144319.0 |
| 007 |
tu |
| 008 |
070421s2007 xx ||||| 00| ||ger c |
| 035 |
|
|
|a (DE-627)527499005
|
| 035 |
|
|
|a (DE-599)GBV527499005
|
| 040 |
|
|
|a DE-627
|b ger
|c DE-627
|e rakwb
|
| 041 |
|
|
|a ger
|
| 100 |
1 |
|
|a Angelike, Karin
|e verfasserin
|4 aut
|
| 245 |
1 |
0 |
|a Presse, "nouvelles à la main" und geheime Korrespondenz: ein französischer Journalist im Rheinland und sein Umgang mit der Zensur
|c Karin Angelike
|
| 264 |
|
1 |
|c 2007
|
| 336 |
|
|
|a Text
|b txt
|2 rdacontent
|
| 337 |
|
|
|a ohne Hilfsmittel zu benutzen
|b n
|2 rdamedia
|
| 338 |
|
|
|a Band
|b nc
|2 rdacarrier
|
| 773 |
0 |
8 |
|i In
|t Zensur im Jahrhundert der Aufklärung
|d Göttingen : Wallstein-Verl., 2007
|g (2007), Seite 225-241
|h 454 S.
|w (DE-627)505245922
|w (DE-576)250722240
|z 3892448094
|z 9783892448099
|7 nnam
|
| 773 |
1 |
8 |
|g year:2007
|g pages:225-241
|
| 912 |
|
|
|a GBV_USEFLAG_U
|
| 912 |
|
|
|a GBV_ILN_21
|
| 912 |
|
|
|a ISIL_DE-46
|
| 912 |
|
|
|a SYSFLAG_1
|
| 912 |
|
|
|a GBV_KXP
|
| 912 |
|
|
|a GBV_ILN_11
|
| 912 |
|
|
|a GBV_ILN_20
|
| 912 |
|
|
|a GBV_ILN_22
|
| 912 |
|
|
|a GBV_ILN_24
|
| 912 |
|
|
|a GBV_ILN_31
|
| 912 |
|
|
|a GBV_ILN_34
|
| 912 |
|
|
|a GBV_ILN_39
|
| 912 |
|
|
|a GBV_ILN_40
|
| 912 |
|
|
|a GBV_ILN_50
|
| 912 |
|
|
|a GBV_ILN_60
|
| 912 |
|
|
|a GBV_ILN_61
|
| 912 |
|
|
|a GBV_ILN_62
|
| 912 |
|
|
|a GBV_ILN_65
|
| 912 |
|
|
|a GBV_ILN_70
|
| 912 |
|
|
|a GBV_ILN_72
|
| 912 |
|
|
|a GBV_ILN_104
|
| 912 |
|
|
|a GBV_ILN_120
|
| 912 |
|
|
|a GBV_ILN_121
|
| 912 |
|
|
|a GBV_ILN_123
|
| 912 |
|
|
|a GBV_ILN_130
|
| 912 |
|
|
|a GBV_ILN_131
|
| 912 |
|
|
|a GBV_ILN_176
|
| 912 |
|
|
|a GBV_ILN_240
|
| 912 |
|
|
|a GBV_ILN_285
|
| 912 |
|
|
|a GBV_ILN_288
|
| 912 |
|
|
|a GBV_ILN_350
|
| 912 |
|
|
|a GBV_ILN_379
|
| 912 |
|
|
|a GBV_ILN_697
|
| 912 |
|
|
|a GBV_ILN_702
|
| 912 |
|
|
|a GBV_ILN_791
|
| 912 |
|
|
|a GBV_ILN_813
|
| 912 |
|
|
|a GBV_ILN_2001
|
| 912 |
|
|
|a GBV_ILN_2002
|
| 912 |
|
|
|a GBV_ILN_2003
|
| 912 |
|
|
|a GBV_ILN_2005
|
| 912 |
|
|
|a GBV_ILN_2006
|
| 912 |
|
|
|a GBV_ILN_2007
|
| 912 |
|
|
|a GBV_ILN_2008
|
| 912 |
|
|
|a GBV_ILN_2009
|
| 912 |
|
|
|a GBV_ILN_2010
|
| 912 |
|
|
|a GBV_ILN_2011
|
| 912 |
|
|
|a GBV_ILN_2012
|
| 912 |
|
|
|a GBV_ILN_2015
|
| 912 |
|
|
|a GBV_ILN_2021
|
| 912 |
|
|
|a GBV_ILN_2043
|
| 912 |
|
|
|a GBV_ILN_2127
|
| 912 |
|
|
|a GBV_ILN_2280
|
| 912 |
|
|
|a GBV_ILN_2487
|
| 912 |
|
|
|a GBV_ILN_2489
|
| 912 |
|
|
|a GBV_ILN_2495
|
| 912 |
|
|
|a GBV_ILN_2505
|
| 912 |
|
|
|a GBV_ILN_2568
|
| 912 |
|
|
|a GBV_ILN_2579
|
| 912 |
|
|
|a GBV_ILN_22
|
| 912 |
|
|
|a ISIL_DE-18
|
| 912 |
|
|
|a GBV_ILN_22_i30908
|
| 912 |
|
|
|a GBV_ILN_24
|
| 912 |
|
|
|a ISIL_DE-8
|
| 912 |
|
|
|a GBV_ILN_24_f052
|
| 912 |
|
|
|a GBV_ILN_61
|
| 912 |
|
|
|a ISIL_DE-32
|
| 912 |
|
|
|a GBV_ILN_288
|
| 912 |
|
|
|a GBV_ILN_350
|
| 912 |
|
|
|a ISIL_DE-2795
|
| 912 |
|
|
|a GBV_ILN_350_
|
| 951 |
|
|
|a AR
|
| 952 |
|
|
|j 2007
|h 225-241
|
| 980 |
|
|
|2 21
|1 01
|x 0046
|b 1349765384
|y xza
|z 03-01-13
|
| 980 |
|
|
|2 22
|1 01
|x 0018
|b 4872242637
|y xi30908
|z 02-02-26
|
| 980 |
|
|
|2 24
|1 01
|x 0008
|b 4515544233
|y xf052
|z 24-04-24
|
| 980 |
|
|
|2 61
|1 01
|x 0032
|b 816880263
|y x
|z 21-04-07
|
| 980 |
|
|
|2 288
|1 01
|x 3288
|b 864410689
|h ibk2007
|u gvk
|y zi
|z 17-03-08
|
| 980 |
|
|
|2 350
|1 01
|x 8293
|b 4812161940
|c 00
|f KELLER
|d Z 484a -12
|e i
|j --%%--
|y z
|z 24-11-25
|
| 982 |
|
|
|2 288
|1 01
|x 3288
|8 30
|s s
|0 (DE-627)308588266
|a Zensur
|
| 982 |
|
|
|2 288
|1 01
|x 3288
|8 31
|s g
|0 (DE-627)328242500
|a Rheinland
|
| 983 |
|
|
|2 288
|1 01
|x 3288
|8 00
|0 (DE-627)302642633
|a 1.2.12
|b Textsammlungen und allgemeine Schriften. Allgemeine Schriften. Druckgeschichte, Verlagsgeschichte und Buchhandelsgeschichte, Buchillustration, Editionslehre, Zensur, Zeitschriftenwesen
|
| 995 |
|
|
|2 288
|1 01
|x 3288
|a ibk2007
|